| 000 | 00811nam a2200205 i 4500 | ||
|---|---|---|---|
| 020 | _a0236177044 : | ||
| 082 | 0 | 0 |
_a658.28 _bNOI _cL-38, P-91 |
| 245 | 0 | 0 |
_aNoise and vibration control for industrialists / _cedited by S. A. Petrusewicz and D. K. Longmore. |
| 260 |
_aLondon : _bElek, _c1974. |
||
| 300 |
_axiii, 284 p. : _bill. ; _c23 cm. |
||
| 500 | _a"This book has grown out of papers presented at a Conference on Noise and Vibration Control for Industrialists held at the University of Bath, in April, 1972." | ||
| 500 | _aIncludes index. | ||
| 526 |
_a0 _b0 _c0 _d658_280000000000000_NOI |
||
| 650 | 0 |
_aMCE _9379 |
|
| 650 | 0 |
_aNoise control _xCongresses. _944636 |
|
| 650 | 0 |
_aVibration _xCongresses. _944637 |
|
| 700 | 1 |
_aLongmore, D. K., _944638 |
|
| 700 | 1 |
_aPetrusewicz, S. A., _944639 |
|
| 942 |
_2ddc _cBK |
||
| 999 |
_c548369 _d548369 |
||